Polynomial response maps
Αποθηκεύτηκε σε:
| Κύριος συγγραφέας: | |
|---|---|
| Μορφή: | Βιβλίο |
| Γλώσσα: | English |
| Δημοσίευση: |
Berlin :
Springer-Verlag,
1979
|
| Σειρά: | Lecture notes in control and information sciences ;
; 13 |
| Θέματα: | |
| Ετικέτες: |
Προσθήκη ετικέτας
Δεν υπάρχουν, Καταχωρήστε ετικέτα πρώτοι!
|
MARC
| LEADER | 00000nam a2200000 i 4500 | ||
|---|---|---|---|
| 001 | 1/59950 | ||
| 008 | 941103s1979 eng d | ||
| 020 | |a 3-540-09393-1 | ||
| 035 | |a 1990 |c ΔΩΡΕΑ |l 10046166 | ||
| 040 | |a GR-MY-UA |b gre |e aacr | ||
| 041 | 0 | |a eng | |
| 082 | 0 | |a 003 | |
| 100 | 1 | |a Sontag, Eduardo D. | |
| 245 | 1 | 0 | |a Polynomial response maps / |c Eduardo D. Sontag |
| 260 | |a Berlin : |b Springer-Verlag, |c 1979 | ||
| 300 | |a 168 p.; |c 25 cm. | ||
| 490 | 1 | |a Lecture notes in control and iformation sciences |v ; 13 | |
| 500 | |a Includes bibliographical references and index | ||
| 650 | 0 | 0 | |a System theory. |
| 650 | 0 | 0 | |a Discrete-time systems. |
| 650 | 0 | 0 | |a Nonlinear theories. |
| 650 | 0 | 0 | |a Polynomials. |
| 650 | 0 | 0 | |a Power series. |
| 830 | 0 | |a Lecture notes in control and information sciences ; |v ; 13 | |
| 852 | |a INST |b SAMOS |e 19941103 |h 003 SON |p 005300002584 |q 005300002584 |t BK |y 0 | ||
| 909 | |a Σ |b 018450 | ||